| 000 | 00565nam a22001697a 4500 | ||
|---|---|---|---|
| 003 | NUST | ||
| 038 | _aNusrat Nadeem | ||
| 082 | _a200 | ||
| 100 |
_aChughtai, Lubna _929608 |
||
| 245 |
_aSYNTHESIS OF STATE SPACE MODEL FOR HUMAN CARDIO VASCULAR SYSTEM USING BOND GRAPH APPROACH/ _cLubna Chughtai, |
||
| 264 |
_aKarachi; _bPNEC NUST; _c2017. |
||
| 300 |
_a338,p; _bill; _c30,cm. |
||
| 650 |
_aPhD-Electrical Engineering _984162 |
||
| 700 |
_aSupervisor: Dr. Vali Uddin _9124364 |
||
| 856 | _u http://10.250.8.41:8080/xmlui/handle/123456789/42721 | ||
| 942 |
_2ddc _cSC |
||
| 999 |
_c610247 _d610247 |
||